01643nam a2200217 a 4500008004100000020001800041041000800059092001700067100003500084245007200119250001100191260003100202300001100233500010700244520078200351590004601133655002101179942001301200999001501213952019701228011117t2013 ck a|||g |||| 000 1 spa d a9789588727752 aspa c808l28sGAR1 aGarcía Márquez, Aida94138 aGabito, el niño que soñó a Macondo /cAida García Márquez a1a ed. aColombia:bGrupo Z;c2013. a159 p. aGarcía Márquez, A. (2013). Gabito, el niño que soñó a Macondo. (1a ed.). Colombia : Grupo Z. aLa infancia es una patria, dijo un poeta. Gabito el niño que soño a Macondo , es un maravilloso recorrido por la niñez del Nobel colombiano en Aracara. Su hermana Aida Rosa, es una prosa sobria y entrañable, nos introduce en el mundo donde se creò Macondo. El lector encontrarà las claves para saber la procedencia de Remedios la Bella, del coronel Aureliano Buendìa y otros personajes que sirvieron de inspiraciòn para esa gran novela de todos los tiempos: Cien años de soledad. Existen muchos libros sobre Garcìa Marquez, pero ninguno que nos acerque con tanta veracidad y pasiòn al niñp que fue mago, director de teatro, guionista de pelìculas, dibujante, cantante de boleros y luego al escritor que fabulò nuestras raìces como ningùn otro.  aDonación. Proyecto Literatura 4to libro aLiteratura92917 2ddccLIT c3102d3102 00102ddc4070aBFMbBFMcCRd2021-03-15eDonación Constanzo, Juan Carlos. Marzo 2021l0o808 28 GARp4655r2021-03-15tEj. 1w2021-03-15yLITzDonación Constanzo, Juan Carlos. Marzo 2021